Loading...

Kavivar Maithili Sharan Gupta aur saketh/

Bibliografiske detaljer
Hovedforfatter: Vraj Mohan Sharma
Format: Printed Book
Udgivet: Jaipur: Pusthak Sadan, 1981.
LEADER 00372nam a22001097a 4500
100 |a Vraj Mohan Sharma 
245 |a Kavivar Maithili Sharan Gupta aur saketh/  |c Vraj Mohan Sharma 
260 |a Jaipur:  |b Pusthak Sadan,  |c 1981. 
300 |a 139p. 
942 |2 ddc  |c BK 
999 |c 243832  |d 243832 
952 |0 0  |1 0  |4 1  |7 0  |9 270470  |a HIN  |b HIN  |c S-17  |d 2012-05-03  |i 12989  |l 0  |p HIN12989  |r 2012-05-03  |w 2014-02-07  |y BK